| 000 | 01221nam0a2200313 4500 | ||
|---|---|---|---|
| 001 | RU\NLR\bibl\936278 | ||
| 005 | 20250614193720.0 | ||
| 010 |
_a5-18-000938-3 _915000 |
||
| 021 |
_aRU _b2006-10725 _9523 |
||
| 035 | _a(NLR Aleph) 000924478 | ||
| 090 |
_a120665 _c120665 |
||
| 100 | _a20060420d2005 |||y0rusy50 ca | ||
| 101 | 0 | _arus | |
| 102 | _aRU | ||
| 105 | _aa ||||||||| | ||
| 200 | 1 |
_aОт слова к рассказу _eразвиваем речь _eдля детей 5-6 лет _e[для занятий с детьми в детском саду и дома _fЗемцова Ольга Николаевна к.п.н., засл. учитель России] |
|
| 210 |
_aМосква _cМахаон _d2005 |
||
| 215 |
_a[17] с. _cцв. ил. _d26 |
||
| 225 | 1 | _aУмные книжки | |
| 300 | _aАвт. указан в вып. дан | ||
| 606 | 1 |
_aДошкольники _xРазвитие речевого слуха _92338907 _3RU\NLR\auth\661398183 |
|
| 686 | _aЧ491.71 | ||
| 700 | 1 |
_aЗемцова _bО. Н. _gОльга Николаевна _4070 |
|
| 801 | 0 |
_aRU _bNLR _c20060420 _grcr |
|
| 801 | 1 |
_aRU _bNLR _c20060420 |
|
| 830 | _aавт. по кн. | ||
| 942 | _cBOOK | ||
| 980 | _aNB | ||